Dopasuj imię do nazwiska - polscy kompozytorzy - Statystyki

Ogólne statystyki
  • Ten quiz został rozwiązany 53 razy
  • Średni wynik to 8 z 20
Statystyki odpowiedzi
Hint Odpowiedź % Poprawnych
Fryderyk Chopin
100%
Ignacy Jan Paderewski
80%
Stanisław Moniuszko
73%
Wojciech Kilar
63%
Karol Szymanowski
60%
Krzysztof Penderecki
58%
Witold Lutosławski
55%
Grażyna Bacewicz
45%
Feliks Nowowiejski
45%
Henryk Mikołaj Górecki
43%
Zbigniew Preisner
43%
Mieczysław Karłowicz
35%
Michał Lorenc
33%
Ignacy Feliks Dobrzyński
30%
Stefan Kisielewski
23%
Andrzej Panufnik
23%
Władysław Żeleński
18%
Zygmunt Noskowski
10%
Tadeusz Baird
5%
Aleksander Tansman
5%
Nie znaleziono quizów pasujących do podanych kryteriów
Rozkład punktacji
Procent ludzi z każdym wynikiem
Percentyl według liczby udzielonych odpowiedzi
Twoja historia wyników
Nie rozwiązałeś tego quizu